书目信息 |
| 题名: |
红楼梦研究集刊
|
|
| 作者: | ;中国社会科学院文学研究所红楼梦研究集刊编委会 编 | |
| 分册: | 第二辑 | |
| 出版信息: | 上海 上海古籍出版社 1980 |
|
| 页数: | 468页 | |
| 开本: | 20cm | |
| 丛书名: | ||
| 单 册: | ||
| 中图分类: | I207.411 , I207.4 | |
| 科图分类: | ||
| 主题词: | 文学研究-红楼梦--文集 | |
| 电子资源: | ||
| ISBN: | ||
| 000 | 00807nam0 2200241 450 | |
| 001 | 1554563232 | |
| 005 | 20150207161913.82 | |
| 010 | @dCNY1.50 | |
| 091 | @a10186.224 | |
| 100 | @a19960215d1980 emky0chiy0110 ea | |
| 101 | 0 | @achi |
| 102 | @aCN@b310000 | |
| 105 | @ay z 000yy | |
| 200 | 1 | @a红楼梦研究集刊@9hong lou meng yan jiu ji kan@h第二辑@f中国社会科学院文学研究所红楼梦研究集刊编委会编 |
| 210 | @a上海@c上海古籍出版社@d1980 | |
| 215 | @a468页@d20cm | |
| 605 | @a红楼梦@x文学研究@x文集 | |
| 606 | 0 | @a文学研究-红楼梦@x文集 |
| 690 | @aI207.411@v5 | |
| 690 | @aI207.4@v4 | |
| 711 | 02 | @a中国社会科学院文学研究所红楼梦研究集刊编委会@9zhong guo she hui ke xue yuan wen xue yan jiu suo hong lou meng yan jiu ji kan bian wei hui@4编 |
| 801 | 0 | @aCN@bTSSF@c20150207 |
| 905 | @aZUCC@dI207.4@eJY8:2 | |
| 红楼梦研究集刊.第二辑/中国社会科学院文学研究所红楼梦研究集刊编委会编.-上海:上海古籍出版社,1980 |
| 468页;20cm |
| ISBN :CNY1.50 |
| ● |
| 相关链接 |
|
|
|
|
正题名:红楼梦研究集刊
索取号:I207.4/JY8:2
 
预约/预借
| 序号 | 登录号 | 条形码 | 馆藏地/架位号 | 状态 | 备注 |
| 1 | 7837865 | 278378658 | 学院路分馆/ [索取号:I207.4/JY8:2] | 在馆 | |
| 2 | 7837866 | 278378667 | 学院路分馆/ [索取号:I207.4/JY8:2] | 在馆 | |
| 3 | 7837867 | 278378676 | 学院路分馆/ [索取号:I207.4/JY8:2] | 在馆 |